[Event "13. Hogeschool Zeeland Tournament"]
[Site "Vlissingen NED"]
[Date "2009.08.02"]
[Round "2.6"]
[White "Van Gool, Henk"]
[Black "Vovk, Yuri"]
[Result "1-0"]
[WhiteElo "2164"]
[BlackElo "2567"]
[PlyCount "115"]
[EventDate "2009.08.01"]
[EventType "swiss"]
[EventRounds "9"]
[EventCountry "NED"]
[Source "lmi"]
[SourceDate "2009.08.01"]

1. d4 Nf6 2. Nf3 g6 3. Nbd2 d5 4. e3 Bg7 5. b4 O-O 6. Bb2 Bf5 7. Be2 Nbd7 8. c4
c6 9. Qb3 e6 10. O-O h6 11. Rad1 g5 12. Ne5 Ne4 13. Nxe4 Bxe4 14. Nxd7 Qxd7 15.
a4 Rfc8 16. Rc1 Bf8 17. b5 cxb5 18. cxb5 Qd6 19. Rxc8 Rxc8 20. Rc1 Rxc1+ 21.
Bxc1 Qc7 22. Bd2 Bd6 23. h3 Bc2 24. Qa2 Qc8 25. a5 Kg7 26. Qb2 Bg6 27. Qc3 Qd8
28. Qb2 Bc7 29. Qa3 h5 30. Bb4 Bb8 31. Qc3 g4 32. hxg4 Qh4 33. Bd3 Qh2+ 34. Kf1
Bxd3+ 35. Qxd3 hxg4 36. g3 Qh1+ 37. Ke2 Qa1 38. Qc2 Kf6 39. Qc5 Qa2+ 40. Ke1
Kf5 41. Qf8 Ke4 42. Qxb8 Qb1+ 43. Ke2 Qb2+ 44. Kf1 Qxb4 45. Qf4+ Kd3 46. Qxg4
Qb1+ 47. Kg2 Qxb5 48. Qf3 f5 49. e4+ Kxd4 50. exf5 exf5 51. Qxf5 Qxa5 52. g4
Kc3 53. g5 Qc7 54. Qxd5 a5 55. g6 a4 56. Qf7 Qc8 57. Kg3 a3 58. g7 1-0

[Event "13. Hogeschool Zeeland Tournament"]
[Site "Vlissingen NED"]
[Date "2009.08.02"]
[Round "2.7"]
[White "Ikonnikov, Vyacheslav"]
[Black "Smits, Sebastiaan"]
[Result "1-0"]
[WhiteElo "2556"]
[BlackElo "2165"]
[PlyCount "53"]
[EventDate "2009.08.01"]
[EventType "swiss"]
[EventRounds "9"]
[EventCountry "NED"]
[Source "lmi"]
[SourceDate "2009.08.01"]

1. d4 d5 2. Nf3 Nf6 3. c4 c6 4. Nc3 a6 5. a4 e6 6. Bg5 Nbd7 7. cxd5 cxd5 8. e3
h6 9. Bh4 Bd6 10. Bd3 b6 11. O-O O-O 12. e4 dxe4 13. Bxe4 Ra7 14. Qe2 Qc7 15.
Rac1 Qb8 16. Rc2 Rc7 17. Bd3 Qa8 18. Ne5 Bb7 19. f4 Re8 20. g4 Bf8 21. g5 hxg5
22. fxg5 Nxe5 23. Qxe5 Nd5 24. g6 f5 25. Nxd5 Rxc2 26. Bxc2 Bxd5 27. Qe2 1-0

[Event "13. Hogeschool Zeeland Tournament"]
[Site "Vlissingen NED"]
[Date "2009.08.02"]
[Round "2.8"]
[White "Haast, Anne"]
[Black "Nijboer, Friso"]
[Result "1/2-1/2"]
[WhiteElo "2158"]
[BlackElo "2552"]
[PlyCount "52"]
[EventDate "2009.08.01"]
[EventType "swiss"]
[EventRounds "9"]
[EventCountry "NED"]
[Source "lmi"]
[SourceDate "2009.08.01"]

1. e4 c5 2. Nf3 Nc6 3. d4 cxd4 4. Nxd4 Nf6 5. Nc3 d6 6. Bg5 e6 7. Qd2 a6 8.
O-O-O Be7 9. f4 Nxd4 10. Qxd4 b5 11. Be2 Bb7 12. Bf3 O-O 13. e5 Bxf3 14. gxf3
dxe5 15. Qxe5 Qb8 16. Rhg1 Kh8 17. Ne4 Qxe5 18. fxe5 Nd5 19. Bxe7 Nxe7 20. Nd6
Ng6 21. Rge1 Kg8 22. Rd4 f6 23. exf6 Rxf6 24. Ne4 Rxf3 25. Ng5 Rf4 26. Nxe6
Rxd4 1/2-1/2

[Event "13. Hogeschool Zeeland Tournament"]
[Site "Vlissingen NED"]
[Date "2009.08.02"]
[Round "2.9"]
[White "Spoelman, Wouter"]
[Black "Ten Hagen, Yorick"]
[Result "1/2-1/2"]
[WhiteElo "2546"]
[BlackElo "2150"]
[PlyCount "108"]
[EventDate "2009.08.01"]
[EventType "swiss"]
[EventRounds "9"]
[EventCountry "NED"]
[Source "lmi"]
[SourceDate "2009.08.01"]

1. e4 d5 2. exd5 Qxd5 3. Nf3 Bg4 4. Be2 Nc6 5. d4 e6 6. O-O O-O-O 7. Be3 Nh6 8.
c4 Qd7 9. Nc3 Bxf3 10. Bxf3 Nxd4 11. Bxd4 Qxd4 12. Qa4 Qb6 13. b4 Qa6 14. Qxa6
bxa6 15. c5 Nf5 16. Ne2 Rd2 17. Rfd1 Rxd1+ 18. Rxd1 Be7 19. Be4 a5 20. a3 axb4
21. axb4 Rd8 22. Rxd8+ Kxd8 23. g4 Nh6 24. h3 f5 25. Bf3 a5 26. bxa5 Bxc5 27.
Nf4 Kd7 28. Nd3 Kd6 29. a6 Bb6 30. Nb4 Nf7 31. gxf5 exf5 32. Bb7 Nd8 33. Bf3 c5
34. Nd5 Ba7 35. Ne3 g6 36. Nc4+ Kc7 37. Kg2 Nc6 38. Kg3 g5 39. Bd5 h6 40. Kf3
Ne7 41. Bb7 Ng6 42. Ne3 Ne7 43. h4 gxh4 44. Nc4 Nc8 45. Kf4 Nd6 46. Nxd6 Kxd6
47. Kxf5 c4 48. Kg4 Bxf2 49. Be4 Kc7 50. Bd5 c3 51. Be4 Kb6 52. Bd3 Ka5 53. Kf3
Bd4 54. Kg4 Bf2 1/2-1/2

[Event "13. Hogeschool Zeeland Tournament"]
[Site "Vlissingen NED"]
[Date "2009.08.02"]
[Round "2.10"]
[White "Hekhuis, Jeroen"]
[Black "Kogan, Arthur"]
[Result "0-1"]
[WhiteElo "2145"]
[BlackElo "2542"]
[PlyCount "48"]
[EventDate "2009.08.01"]
[EventType "swiss"]
[EventRounds "9"]
[EventCountry "NED"]
[Source "lmi"]
[SourceDate "2009.08.01"]

1. Nf3 d5 2. d4 Bf5 3. c4 e6 4. Qb3 Nc6 5. Bg5 f6 6. Bd2 Qd7 7. e3 Nge7 8. cxd5
exd5 9. Bd3 Be4 10. Na3 Nf5 11. O-O-O Bxa3 12. Qxa3 Nd6 13. Ne1 O-O 14. f3 Bxd3
15. Nxd3 Nc4 16. Qc3 a5 17. Rhe1 Qf7 18. e4 dxe4 19. fxe4 Nxd2 20. Rxd2 Qxa2
21. Rc2 f5 22. e5 Rfd8 23. e6 Rxd4 24. e7 Re8 0-1

[Event "13. Hogeschool Zeeland Tournament"]
[Site "Vlissingen NED"]
[Date "2009.08.02"]
[Round "2.11"]
[White "Vovk, Andrey"]
[Black "Kahn, Michel"]
[Result "1-0"]
[WhiteElo "2506"]
[BlackElo "2139"]
[PlyCount "69"]
[EventDate "2009.08.01"]
[EventType "swiss"]
[EventRounds "9"]
[EventCountry "NED"]
[Source "lmi"]
[SourceDate "2009.08.01"]

1. e4 e5 2. Nf3 Nc6 3. Bb5 a6 4. Ba4 Nf6 5. O-O Be7 6. Re1 b5 7. Bb3 d6 8. h3
O-O 9. c3 Bb7 10. d4 Re8 11. Nbd2 Bf8 12. a4 h6 13. Bc2 exd4 14. cxd4 Nb4 15.
Bb1 c5 16. d5 Nd7 17. Ra3 c4 18. Ree3 Nc5 19. b3 Nbd3 20. bxc4 Nxc1 21. axb5
N1d3 22. Bxd3 axb5 23. Rxa8 Qxa8 24. cxb5 Bxd5 25. exd5 Rxe3 26. fxe3 Nxd3 27.
e4 Qa7+ 28. Kh2 Qe3 29. Qg1 Qe2 30. b6 Nc5 31. Qb1 Qa6 32. Nd4 Be7 33. Qb5 Qa1
34. N2b3 Nxb3 35. Qxb3 1-0

[Event "13. Hogeschool Zeeland Tournament"]
[Site "Vlissingen NED"]
[Date "2009.08.02"]
[Round "2.12"]
[White "Privitera, Franco"]
[Black "Hoffmann, Michael"]
[Result "0-1"]
[WhiteElo "2131"]
[BlackElo "2502"]
[PlyCount "54"]
[EventDate "2009.08.01"]
[EventType "swiss"]
[EventRounds "9"]
[EventCountry "NED"]
[Source "lmi"]
[SourceDate "2009.08.01"]

1. d4 e6 2. e4 d5 3. exd5 exd5 4. Bd3 c5 5. c3 Nc6 6. Nf3 Bd6 7. Be3 c4 8. Be2
Nge7 9. b3 cxb3 10. axb3 O-O 11. Na3 a6 12. O-O Bf5 13. c4 Qd7 14. Nh4 Be6 15.
Bd3 Nb4 16. Bb1 Rfe8 17. f4 Nf5 18. Bf2 Nxh4 19. Bxh4 Bf5 20. Qd2 Bf8 21. h3 h5
22. c5 Nc6 23. b4 Bxb1 24. Raxb1 Re4 25. b5 Nxd4 26. bxa6 Rxa6 27. Qd3 Bxc5 0-1

[Event "13. Hogeschool Zeeland Tournament"]
[Site "Vlissingen NED"]
[Date "2009.08.02"]
[Round "2.13"]
[White "Adhiban, Baskaran"]
[Black "Stange, Sven"]
[Result "1-0"]
[WhiteElo "2481"]
[BlackElo "2130"]
[PlyCount "121"]
[EventDate "2009.08.01"]
[EventType "swiss"]
[EventRounds "9"]
[EventCountry "NED"]
[Source "lmi"]
[SourceDate "2009.08.01"]

1. e4 e5 2. Bc4 Nf6 3. d3 Bc5 4. Nf3 Nc6 5. c3 a6 6. O-O d6 7. Bb3 Bg4 8. Nbd2
Qd7 9. Nc4 Bxf3 10. Qxf3 Qg4 11. Qxg4 Nxg4 12. Bd1 Nf6 13. b4 Ba7 14. a4 Nd8
15. Bb3 Ne6 16. g3 h5 17. h4 Ke7 18. Kg2 Ng4 19. f3 Nh6 20. f4 f6 21. Bd2 Ng4
22. Bd1 b5 23. Na5 Ne3+ 24. Bxe3 Bxe3 25. Bb3 Nd8 26. Bd5 Rb8 27. axb5 axb5 28.
Kf3 Bb6 29. Nc6+ Nxc6 30. Bxc6 g5 31. Rad1 gxh4 32. gxh4 Rhg8 33. d4 Rg4 34.
fxe5 fxe5 35. dxe5 Rbg8 36. exd6+ cxd6 37. e5 Rg3+ 38. Ke2 Re3+ 39. Kd2 Rxe5
40. Rde1 Rg4 41. Rxe5+ dxe5 42. Bxb5 Rxh4 43. Be2 Ke6 44. c4 Bd8 45. Rg1 Be7
46. b5 Bb4+ 47. Kc2 Rh2 48. Kd1 Rf2 49. Bxh5 Rd2+ 50. Kc1 e4 51. Rg8 Rd4 52.
Rc8 Kd6 53. b6 Bc5 54. b7 Rxc4+ 55. Kd1 Rd4+ 56. Ke2 Ba7 57. Ra8 Rb4 58. Rxa7
Kc7 59. Bg6 Rxb7 60. Ra4 Rb6 61. Bxe4 1-0

[Event "13. Hogeschool Zeeland Tournament"]
[Site "Vlissingen NED"]
[Date "2009.08.02"]
[Round "2.14"]
[White "Timmermans, Mark"]
[Black "Karthikeyan, P."]
[Result "1/2-1/2"]
[WhiteElo "2125"]
[BlackElo "2478"]
[PlyCount "62"]
[EventDate "2009.08.01"]
[EventType "swiss"]
[EventRounds "9"]
[EventCountry "NED"]
[Source "lmi"]
[SourceDate "2009.08.01"]

1. e4 e5 2. Nf3 Nc6 3. Bc4 Nf6 4. d4 exd4 5. O-O Nxe4 6. Re1 d5 7. Bxd5 Qxd5 8.
Nc3 Qh5 9. Nxe4 Be6 10. Bg5 Bd6 11. Nxd6+ cxd6 12. Bf4 Qc5 13. c3 dxc3 14. Bxd6
Qb6 15. Ba3 Rd8 16. Qc2 Qa5 17. Rac1 Rd5 18. Qe2 Kd7 19. Rxc3 Rd8 20. h3 Kc7
21. Qe4 Kb8 22. Qxh7 g5 23. Qh6 Ka8 24. Rcc1 a6 25. Qg7 Qb5 26. Re3 Rf5 27.
Rec3 f6 28. Rc5 Qd3 29. Rxf5 Qxf5 30. Be7 Nxe7 31. Qxe7 Rd7 1/2-1/2

[Event "13. Hogeschool Zeeland Tournament"]
[Site "Vlissingen NED"]
[Date "2009.08.02"]
[Round "2.15"]
[White "Lalith, Babu M.R"]
[Black "Grochal, Joey"]
[Result "1-0"]
[WhiteElo "2472"]
[BlackElo "2125"]
[PlyCount "71"]
[EventDate "2009.08.01"]
[EventType "swiss"]
[EventRounds "9"]
[EventCountry "NED"]
[Source "lmi"]
[SourceDate "2009.08.01"]

1. Nf3 Nf6 2. c4 c6 3. d4 d5 4. Nc3 e6 5. Bg5 dxc4 6. e4 b5 7. e5 h6 8. Bh4 g5
9. Nxg5 hxg5 10. Bxg5 Nbd7 11. g3 Bb7 12. Bg2 Qb6 13. exf6 c5 14. d5 O-O-O 15.
O-O b4 16. Rb1 Qa6 17. dxe6 Bxg2 18. e7 Bxe7 19. fxe7 Rdg8 20. Kxg2 Rxg5 21.
Ne4 Qc6 22. f3 Rd5 23. Qe2 Ne5 24. Rbd1 Rd3 25. b3 f5 26. Ng5 Ng4 27. Kg1 Re3
28. Qc2 Rxh2 29. Qxf5+ Kc7 30. e8=N+ Rxe8 31. Qf4+ Kb7 32. Ne4 Rxa2 33. Nd6+
Ka6 34. Nxe8 Qxe8 35. Qxc4+ Kb7 36. Qxg4 1-0

[Event "13. Hogeschool Zeeland Tournament"]
[Site "Vlissingen NED"]
[Date "2009.08.02"]
[Round "2.16"]
[White "Rosmuller, Anton"]
[Black "Zaragatski, Ilja"]
[Result "0-1"]
[WhiteElo "2112"]
[BlackElo "2472"]
[PlyCount "134"]
[EventDate "2009.08.01"]
[EventType "swiss"]
[EventRounds "9"]
[EventCountry "NED"]
[Source "lmi"]
[SourceDate "2009.08.01"]

1. c4 e5 2. e3 Nf6 3. a3 c6 4. d4 exd4 5. Qxd4 d5 6. Nc3 Be6 7. cxd5 Nxd5 8. e4
Nxc3 9. Qxc3 Nd7 10. Be3 Be7 11. Nf3 Qc7 12. h3 Bf6 13. Qc2 O-O 14. Be2 Ne5 15.
Nd4 Bd7 16. O-O Ng6 17. Rfe1 Rae8 18. Rad1 a6 19. Bf1 Bc8 20. g3 h5 21. f4 Bxd4
22. Rxd4 h4 23. Qf2 hxg3 24. Qxg3 c5 25. Rc4 b6 26. Bg2 Re6 27. Rc2 Rfe8 28.
Kh2 Ne7 29. Bd4 Rg6 30. Be5 Qd7 31. Qf2 f6 32. Bc3 Bb7 33. Rg1 Nc6 34. Rd2 Qc7
35. Kh1 Rd8 36. Rd5 Nd4 37. Rxd8+ Qxd8 38. Rd1 Qa8 39. Re1 Nf5 40. Bf3 Ng3+ 41.
Kh2 Nxe4 42. Qc2 f5 43. Be5 Qd8 44. Rg1 Rxg1 45. Kxg1 g6 46. b4 Qd5 47. h4 Kh7
48. Kh2 c4 49. Bxe4 fxe4 50. h5 gxh5 51. Qg2 Qg8 52. Qh3 Qg4 53. Qxg4 hxg4 54.
Kg3 Bc8 55. Bd4 b5 56. Be3 Kg6 57. Kf2 c3 58. Kg3 Kf5 59. Bc1 Be6 60. Be3 Bb3
61. Bc1 Bd1 62. Be3 Ke6 63. Bc1 Kd5 64. Be3 Kc4 65. f5 Kd3 66. f6 Bb3 67. Kf4
g3 0-1

[Event "13. Hogeschool Zeeland Tournament"]
[Site "Vlissingen NED"]
[Date "2009.08.02"]
[Round "2.17"]
[White "Henrichs, Thomas"]
[Black "Op den Dries, Johan"]
[Result "1-0"]
[WhiteElo "2463"]
[BlackElo "2118"]
[PlyCount "83"]
[EventDate "2009.08.01"]
[EventType "swiss"]
[EventRounds "9"]
[EventCountry "NED"]
[Source "lmi"]
[SourceDate "2009.08.01"]

1. c4 e5 2. Nc3 Nc6 3. g3 f5 4. Bg2 Nf6 5. d3 Bb4 6. Bd2 Bxc3 7. Bxc3 d6 8. Qd2
Be6 9. b4 Qd7 10. b5 Nd8 11. f4 Qe7 12. Nf3 e4 13. Nd4 c5 14. bxc6 Nxc6 15. O-O
O-O 16. Nxe6 Qxe6 17. Rab1 b6 18. Rb5 Rad8 19. a4 d5 20. cxd5 Nxd5 21. Ba1 Nc7
22. Rbb1 Rf7 23. Qc2 Nd5 24. Rfc1 Ncb4 25. Qc4 exd3 26. exd3 Qe3+ 27. Kh1 Rc7
28. Re1 Rxc4 29. Rxe3 Nxe3 30. dxc4 Nbc2 31. a5 bxa5 32. Bc3 a4 33. Bf3 Rd7 34.
c5 Rd3 35. Be5 Nc4 36. Be2 Nxe5 37. Bxd3 Nxd3 38. c6 Nf2+ 39. Kg2 Ne4 40. c7
Nd6 41. Rb8+ Kf7 42. Rd8 1-0

[Event "13. Hogeschool Zeeland Tournament"]
[Site "Vlissingen NED"]
[Date "2009.08.02"]
[Round "2.18"]
[White "In 't Veld, Rene"]
[Black "Bosch, Jeroen"]
[Result "0-1"]
[WhiteElo "2099"]
[BlackElo "2456"]
[PlyCount "120"]
[EventDate "2009.08.01"]
[EventType "swiss"]
[EventRounds "9"]
[EventCountry "NED"]
[Source "lmi"]
[SourceDate "2009.08.01"]

1. e4 Nf6 2. e5 Nd5 3. Bc4 Nb6 4. Bb3 d6 5. d4 Bf5 6. Qf3 Qc8 7. Ne2 e6 8. g4
Bg6 9. Nf4 Nc6 10. Qe3 dxe5 11. dxe5 Nd7 12. Nxg6 hxg6 13. f4 Bc5 14. Qg3 Be7
15. g5 Nd4 16. Be3 Nf5 17. Qf3 Bc5 18. Bxc5 Nxc5 19. Nd2 Qd7 20. O-O-O O-O-O
21. Nc4 Nd4 22. Qg2 Qc6 23. Qxc6 Nxc6 24. h4 Rd4 25. Rdf1 Ne4 26. c3 Rxc4 27.
Re1 Nd6 28. Ref1 Re4 29. exd6 cxd6 30. Kd2 Na5 31. Bd1 Nc4+ 32. Kc1 Ne3 33. Rf2
Nxd1 34. Kxd1 Kd7 35. Kd2 d5 36. Kd3 b5 37. b3 Ke7 38. Rf3 Rc8 39. Rf2 Rh8 40.
Rf3 a6 41. Rf2 f5 42. Rf3 a5 43. Rff1 b4 44. cxb4 axb4 45. Rh2 Kd6 46. Kc2 e5
47. fxe5+ Kxe5 48. Rfh1 Rc8+ 49. Kb2 Rc3 50. Rd1 d4 51. Rdd2 Ree3 52. h5 gxh5
53. Rxh5 Rh3 54. Rxh3 Rxh3 55. a4 bxa3+ 56. Kxa3 d3 57. b4 Kd4 58. Kb3 Rh1 59.
Rf2 g6 60. Rb2 Ke3 0-1

[Event "13. Hogeschool Zeeland Tournament"]
[Site "Vlissingen NED"]
[Date "2009.08.02"]
[Round "2.19"]
[White "Bosboom, Manuel"]
[Black "Bottema, Martin"]
[Result "1-0"]
[WhiteElo "2444"]
[BlackElo "2105"]
[PlyCount "117"]
[EventDate "2009.08.01"]
[EventType "swiss"]
[EventRounds "9"]
[EventCountry "NED"]
[Source "lmi"]
[SourceDate "2009.08.01"]

1. c4 e5 2. b3 Nc6 3. Bb2 Nf6 4. d3 d5 5. cxd5 Nxd5 6. Nf3 Bd6 7. Nbd2 O-O 8.
g3 Re8 9. Bg2 Bf8 10. Rc1 f6 11. O-O Bg4 12. h3 Be6 13. Rxc6 bxc6 14. d4 exd4
15. Nxd4 Qd7 16. Nxe6 Qxe6 17. Ne4 Rad8 18. Qc2 Nb4 19. Qb1 Bd6 20. Rc1 Be5 21.
Bxe5 Qxe5 22. a3 Nd5 23. Rxc6 f5 24. Ng5 h6 25. Nf3 Qxe2 26. Qxf5 Ne7 27. Qe6+
Qxe6 28. Rxe6 Rd1+ 29. Kh2 Kf7 30. Re4 Nc8 31. Ne5+ Kg8 32. f4 Rd2 33. h4 Nd6
34. Ra4 Nf7 35. Nc4 Rc2 36. Kh3 Ree2 37. Bf3 Rh2+ 38. Kg4 g6 39. h5 Rxh5 40.
Be4 Rc3 41. Bxg6 Rh2 42. Rxa7 Nd6 43. Nxd6 cxd6 44. b4 Rg2 45. Be4 Rgxg3+ 46.
Kf5 Rxa3 47. Rd7 Rg7 48. Bd5+ Kh7 49. Rxd6 Ra4 50. Rb6 h5 51. Ke5 Ra3 52. Be4+
Kh8 53. f5 Re7+ 54. Kf4 Ra1 55. Rh6+ Kg8 56. Bd5+ Kg7 57. f6+ Kxh6 58. fxe7
Rf1+ 59. Ke5 1-0

[Event "13. Hogeschool Zeeland Tournament"]
[Site "Vlissingen NED"]
[Date "2009.08.02"]
[Round "2.20"]
[White "Drent, Sjoerd"]
[Black "Roeder, Matthias"]
[Result "0-1"]
[WhiteElo "2089"]
[BlackElo "2438"]
[PlyCount "50"]
[EventDate "2009.08.01"]
[EventType "swiss"]
[EventRounds "9"]
[EventCountry "NED"]
[Source "lmi"]
[SourceDate "2009.08.01"]

1. e4 c5 2. c4 Nc6 3. Nc3 e6 4. g3 Nf6 5. Bg2 d5 6. exd5 exd5 7. Nxd5 Nxd5 8.
cxd5 Nb4 9. Ne2 Bf5 10. d3 Nxd3+ 11. Kf1 Bd6 12. Nf4 Bxf4 13. Bxf4 O-O 14. Qd2
Qf6 15. Bg5 Qe5 16. h4 Rfe8 17. Be3 Be4 18. h5 Bxg2+ 19. Kxg2 Qe4+ 20. Kg1 Ne5
21. Qc3 Rad8 22. Rd1 b6 23. h6 Rxd5 24. Rxd5 Qxd5 25. Rh4 Nf3+ 0-1

[Event "13. Hogeschool Zeeland Tournament"]
[Site "Vlissingen NED"]
[Date "2009.08.02"]
[Round "2.21"]
[White "Bitalzadeh, Ali"]
[Black "Bodicker, Rob"]
[Result "1-0"]
[WhiteElo "2434"]
[BlackElo "2080"]
[PlyCount "77"]
[EventDate "2009.08.01"]
[EventType "swiss"]
[EventRounds "9"]
[EventCountry "NED"]
[Source "lmi"]
[SourceDate "2009.08.01"]

1. c4 Nf6 2. Nc3 c5 3. g3 Nc6 4. Bg2 d6 5. Nf3 e5 6. d3 Be7 7. a3 O-O 8. Rb1 a5
9. Bg5 Ne8 10. Bd2 f5 11. O-O Nf6 12. Ne1 Kh8 13. Nc2 Rb8 14. Ne3 Qe8 15. Ned5
Nxd5 16. Nxd5 Bd8 17. b4 axb4 18. axb4 Nd4 19. bxc5 dxc5 20. e3 Ne6 21. Bc3 Ng5
22. f4 Nf7 23. Rb5 b6 24. Qa1 Bd7 25. Rbb1 Be6 26. Qa7 Rc8 27. Nxb6 Bxb6 28.
Rxb6 Rd8 29. Bc6 Bd7 30. Bd5 exf4 31. exf4 Qe3+ 32. Kg2 Qxd3 33. Qa1 Kg8 34.
Bxg7 Rfe8 35. Bh8 Re2+ 36. Kh3 Re5 37. Qxe5 Qxf1+ 38. Kh4 Kf8 39. Qg7+ 1-0

[Event "13. Hogeschool Zeeland Tournament"]
[Site "Vlissingen NED"]
[Date "2009.08.02"]
[Round "2.22"]
[White "Schaeken, Yordi"]
[Black "Kohlweyer, Bernd"]
[Result "0-1"]
[WhiteElo "2078"]
[BlackElo "2418"]
[PlyCount "87"]
[EventDate "2009.08.01"]
[EventType "swiss"]
[EventRounds "9"]
[EventCountry "NED"]
[Source "lmi"]
[SourceDate "2009.08.01"]

1. e4 c5 2. c3 d5 3. exd5 Qxd5 4. d4 g6 5. Nf3 Bg7 6. Na3 cxd4 7. Bc4 Qe4+ 8.
Be3 Nh6 9. cxd4 O-O 10. O-O Nf5 11. Qd2 Nd6 12. Bb3 Nc6 13. Rfe1 Qf5 14. Bh6
Bxh6 15. Qxh6 Qf6 16. Ng5 Qh8 17. d5 Nd4 18. Bc2 Nxc2 19. Nxc2 Nf5 20. Qh3 h6
21. Ne4 Qxb2 22. Qd3 Qg7 23. Rab1 Rd8 24. Red1 Qe5 25. Rb5 b6 26. d6 Qe6 27.
Nd4 Nxd4 28. Qxd4 f6 29. Qd5 Qxd5 30. Rbxd5 Bb7 31. dxe7 Rxd5 32. Nxf6+ Kf7 33.
Nxd5 Bxd5 34. Rxd5 Kxe7 35. h4 Rc8 36. g3 Rc3 37. a4 Ke6 38. Rb5 Kd6 39. h5 g5
40. a5 Rc5 41. Rb3 Rxa5 42. Rf3 Re5 43. Rf7 a5 44. Ra7 0-1

[Event "13. Hogeschool Zeeland Tournament"]
[Site "Vlissingen NED"]
[Date "2009.08.02"]
[Round "2.23"]
[White "Shyam, Sundar M"]
[Black "Van Eijndhoven, Erik"]
[Result "1-0"]
[WhiteElo "2415"]
[BlackElo "2076"]
[PlyCount "65"]
[EventDate "2009.08.01"]
[EventType "swiss"]
[EventRounds "9"]
[EventCountry "NED"]
[Source "lmi"]
[SourceDate "2009.08.01"]

1. e4 e6 2. d4 d5 3. Nd2 dxe4 4. Nxe4 Nd7 5. Nf3 Ngf6 6. Ng3 c5 7. c3 cxd4 8.
Nxd4 Bc5 9. Be2 a6 10. O-O O-O 11. a4 Qc7 12. Nb3 b6 13. Nxc5 Nxc5 14. Bg5 Qe5
15. Bxf6 gxf6 16. Bf3 Ra7 17. Re1 Rd7 18. Qc2 Qg5 19. Rad1 Rfd8 20. b4 Nd3 21.
Re3 Ne5 22. Rxd7 Rxd7 23. h3 Nxf3+ 24. Rxf3 f5 25. Nxf5 Kf8 26. Nd4 Qe5 27.
Qxh7 Bb7 28. Nxe6+ Qxe6 29. Qh8+ Ke7 30. Re3 Be4 31. Qh4+ Kf8 32. Qxe4 Rd1+ 33.
Kh2 1-0

[Event "13. Hogeschool Zeeland Tournament"]
[Site "Vlissingen NED"]
[Date "2009.08.02"]
[Round "2.24"]
[White "Van der Zalm, Marnix"]
[Black "Leenhouts, Koen"]
[Result "0-1"]
[WhiteElo "2074"]
[BlackElo "2413"]
[PlyCount "92"]
[EventDate "2009.08.01"]
[EventType "swiss"]
[EventRounds "9"]
[EventCountry "NED"]
[Source "lmi"]
[SourceDate "2009.08.01"]

1. d4 Nf6 2. c4 g6 3. Nc3 Bg7 4. e4 O-O 5. f4 d6 6. Nf3 c5 7. d5 e6 8. Be2 exd5
9. cxd5 Bg4 10. O-O Nbd7 11. h3 Bxf3 12. Bxf3 Ne8 13. Re1 Rb8 14. Re2 b5 15.
Qe1 b4 16. Nd1 Nc7 17. e5 Nb6 18. e6 Qe7 19. Ne3 fxe6 20. dxe6 d5 21. Ng4 Rbe8
22. f5 h5 23. f6 Rxf6 24. Nxf6+ Bxf6 25. Qg3 Kh7 26. Bf4 Bh4 27. Qh2 Nxe6 28.
g3 Bf6 29. Rae1 Qf7 30. Qg2 Nxf4 31. gxf4 Rg8 32. Re6 Bd4+ 33. Kh1 Qxf4 34.
Bxd5 Nxd5 35. Qxd5 Rf8 36. Re7+ Kh6 37. Qe4 Qg3 38. Qg2 Qxg2+ 39. Kxg2 Rf2+ 40.
Kg3 Rxb2 41. Rf1 Rxa2 42. Rff7 Ra3+ 43. Kf4 g5+ 44. Ke4 Re3+ 45. Kd5 Rxe7 46.
Rxe7 g4 0-1

[Event "13. Hogeschool Zeeland Tournament"]
[Site "Vlissingen NED"]
[Date "2009.08.02"]
[Round "2.25"]
[White "Van Haastert, Edwin"]
[Black "Van der Borgt, Peter"]
[Result "1-0"]
[WhiteElo "2411"]
[BlackElo "2067"]
[PlyCount "131"]
[EventDate "2009.08.01"]
[EventType "swiss"]
[EventRounds "9"]
[EventCountry "NED"]
[Source "lmi"]
[SourceDate "2009.08.01"]

1. d4 d5 2. Nf3 c6 3. c4 e6 4. e3 Nf6 5. Nbd2 Nbd7 6. Bd3 Be7 7. O-O O-O 8. b3
b6 9. Bb2 Bb7 10. Ne5 c5 11. f4 cxd4 12. exd4 Ne4 13. Rc1 f5 14. Ndf3 Nxe5 15.
Nxe5 Rc8 16. Qe2 Bd6 17. Rc2 Bxe5 18. dxe5 d4 19. Rcc1 Rf7 20. Rfd1 Rd7 21. b4
Rcc7 22. Bc2 Nc3 23. Bxc3 dxc3 24. Bb3 Qe7 25. a3 a5 26. bxa5 Qc5+ 27. Kh1 Qxa3
28. c5 Qxb3 29. cxb6 c2 30. Rf1 Rc5 31. a6 Ba8 32. b7 Bxb7 33. axb7 Rxb7 34.
Qa6 Rbc7 35. Rf3 Qc4 36. Qd6 R5c6 37. Qd8+ Kf7 38. h4 Qd5 39. Qxd5 exd5 40. Rf2
d4 41. Rd2 Rc4 42. Kg1 Ke6 43. Kf2 Kd5 44. Ke1 Ke4 45. Re2+ Kxf4 46. Kd2 Kg4
47. e6 Re7 48. Rxc2 Rxc2+ 49. Kxc2 Kxh4 50. Kd3 Kg5 51. Kxd4 Kf6 52. Kd5 h5 53.
Kd6 g6 54. Re1 f4 55. Re4 g5 56. Re5 g4 57. Re4 Rxe6+ 58. Rxe6+ Kg5 59. Ke5 f3
60. gxf3 gxf3 61. Rf6 Kg4 62. Ke4 h4 63. Rf4+ Kg3 64. Rxf3+ Kg2 65. Kf4 h3 66.
Rg3+ 1-0

[Event "13. Hogeschool Zeeland Tournament"]
[Site "Vlissingen NED"]
[Date "2009.08.02"]
[Round "2.26"]
[White "Rademakers, Maarten"]
[Black "Rubio Mejia, Luis Ignacio"]
[Result "0-1"]
[WhiteElo "2066"]
[BlackElo "2371"]
[PlyCount "78"]
[EventDate "2009.08.01"]
[EventType "swiss"]
[EventRounds "9"]
[EventCountry "NED"]
[Source "lmi"]
[SourceDate "2009.08.01"]

1. c4 e5 2. Nc3 Nf6 3. g3 Bb4 4. Bg2 O-O 5. Nf3 Nc6 6. O-O e4 7. Ne1 Bxc3 8.
dxc3 h6 9. Nc2 Re8 10. Ne3 d6 11. Qc2 b6 12. Rd1 Bb7 13. Nd5 Nb8 14. Bf4 Nbd7
15. Rd4 Nxd5 16. cxd5 f5 17. Rf1 Ne5 18. f3 exf3 19. exf3 Qf6 20. Bh3 Rf8 21.
Be3 Rae8 22. f4 Ng4 23. Bxg4 fxg4 24. Bf2 Re7 25. c4 Bc8 26. Rd2 Bf5 27. Qd1
Re4 28. Bd4 Qe7 29. h3 gxh3 30. Kh2 Qd7 31. Re1 Bg4 32. Qc1 Rxe1 33. Qxe1 Re8
34. Qf2 Qf5 35. Bc3 Qe4 36. Qd4 Qxd4 37. Bxd4 Re4 38. Kg1 Re1+ 39. Kf2 h2 0-1

[Event "13. Hogeschool Zeeland Tournament"]
[Site "Vlissingen NED"]
[Date "2009.08.02"]
[Round "2.27"]
[White "Michalczak, Thomas"]
[Black "Van Rij, Gert"]
[Result "1-0"]
[WhiteElo "2352"]
[BlackElo "2065"]
[PlyCount "157"]
[EventDate "2009.08.01"]
[EventType "swiss"]
[EventRounds "9"]
[EventCountry "NED"]
[Source "lmi"]
[SourceDate "2009.08.01"]

1. e4 e6 2. d4 d5 3. Nc3 Bb4 4. e5 Ne7 5. a3 Bxc3+ 6. bxc3 c5 7. Qg4 O-O 8. Bd3
Nbc6 9. Qh5 Ng6 10. Nf3 Qc7 11. Be3 Nce7 12. h4 Bd7 13. Qg4 f5 14. Qh3 cxd4 15.
cxd4 Bb5 16. Bxb5 Qa5+ 17. Bd2 Qxb5 18. h5 Nh8 19. h6 g6 20. Bg5 Rfc8 21. Bxe7
Rxc2 22. Nd2 Rxd2 23. Kxd2 Qb2+ 24. Ke3 Qc3+ 25. Ke2 Qb2+ 26. Kf3 Qc3+ 27. Kf4
Qxd4+ 28. Kg3 Qxe5+ 29. f4 Qe3+ 30. Kh2 Qxf4+ 31. Qg3 Qxh6+ 32. Qh4 Qxh4+ 33.
Bxh4 Nf7 34. Bf6 Nd6 35. Rac1 Nc4 36. Kg3 Kf7 37. Bd4 h5 38. Kf4 b6 39. Rhe1
Re8 40. a4 Re7 41. Be5 Rd7 42. Re2 Re7 43. Rc3 Rd7 44. Kg5 Rd8 45. Bf6 Rd7 46.
Bd4 Re7 47. Be5 Rd7 48. Rg3 Rd8 49. Kf4 Rd7 50. Re1 Rd8 51. Re2 Rd7 52. Rc3 Rd8
53. Rc1 Rg8 54. Kg5 Rd8 55. Bd4 Re8 56. Be5 Rd8 57. Bf6 Re8 58. Be5 Rd8 59. Ba1
Re8 60. Rec2 Re7 61. Bf6 Rd7 62. Rxc4 dxc4 63. Rxc4 a6 64. Rc8 e5 65. Bxe5 Rd2
66. g3 Ra2 67. Rc4 b5 68. axb5 axb5 69. Rc6 Ra4 70. Bf4 h4 71. Kxh4 b4 72. Kg5
b3 73. Rf6+ Ke8 74. Rb6 b2 75. Rxb2 Ra6 76. Rb7 Kf8 77. Be5 Ke8 78. Rg7 Re6 79.
Bf4 1-0